000 00619nam a2200241Ia 4500
003 0100
008 130303s9999 xx 000 0 und d
020 _a0816614369
040 _cARRUPELIB
050 _aB2799.K7D4313 1984
100 _aDeleuze, Gilles
245 _aKant's critical philosophy
245 _bthe doctrine of the faculties
260 _aMinneapolis
260 _bUniversity of Minnesota Press
260 _C1984
300 _a80p.
300 _b 22cm.
650 _aPHILOSOPHY
650 _bBible -- Hermeneutics
700 _aTomlison, Hugh and Habberjam, Barbara (tr.)
942 0 0 _06
999 _c23977
_d23977